000 00514nam a2200169Ia 4500
003 OSt
005 20200323145403.0
008 190216s9999||||xx |||||||||||||| ||und||
040 _coclc
082 _a297
_bALI/I
100 _aAli, Maulana Muhammad
_92176
245 0 _aIslam The Religion Of Humanity /
_cMaulana Muhammad Ali
260 _bThe Ahmadiyya Anjuman Isha`At Islam,
_c1985.
_aLahore:
300 _a36p
650 _aIslamic History
942 _cBK
_2ddc
_h297
_iALI/I
_k297
_mALI/I
999 _c22190
_d22190